The Rooster Bar /
-д хадгалсан:
| Үндсэн зохиолч: | |
|---|---|
| Формат: | Ном |
| Хэл сонгох: | англи |
| Хэвлэсэн: |
Nueva York, EUA :
Dell,
2018, c2017
|
| Нөхцлүүд: | |
| Шошгууд: |
Шошго байхгүй, Энэхүү баримтыг шошголох эхний хүн болох!
|
MARC
| LEADER | 00000nam^a2200000^a^4500 | ||
|---|---|---|---|
| 001 | 000581970 | ||
| 005 | 20250521000000.0 | ||
| 008 | 110906 19981998 | ||
| 009 | 20260310132620.802 | ||
| 020 | |a 978-1-101-96770-6 | ||
| 037 | |a Acervo ITESO - Biblioteca | ||
| 041 | |a ING | ||
| 082 | |a 813. |b GRI | ||
| 100 | |a Grisham, John |e (autor) | ||
| 245 | 1 | 4 | |a The Rooster Bar / |c J. Grisham. |
| 264 | 4 | |a Nueva York, EUA : |b Dell, |c 2018, c2017 | |
| 300 | |a 407 p. | ||
| 336 | |a texto |b txt |2 rdacontenido | ||
| 337 | |a sin mediación |b n |2 rdamedio | ||
| 338 | |a volumen |b nc |2 rdasoporte | ||
| 545 | 0 | |a John Grisham (Jonesboro, 1955-) es un escritor norteamericano que ha hecho del thriller jurídico y del mundo de los abogados, su marca literaria. Con amplio éxito de público, sus títulos incluyen Tiempo de matar (1989), Sin salida (1991), El informe Pelícano (1992), El cliente (1993), Cámara de gas (1994), Legítima defensa (1995), El jurado (1996), El socio (1997), Causa justa (1998), El testamento (1999) y La hermandad (2000), entre otros. Varios de ellos han sido adaptados al cine. | |
| 649 | |a XX | ||
| 650 | |a Novela Norteamericana | ||
| 650 | |a Literatura Norteamericana - |y Siglo XXI | ||
| 650 | |a Literatura Policíaca y de Misterio - |z EUA | ||
| 910 | |a Fondo General | ||
| 920 | |a Impresos - Libros | ||
| 930 | |a Colección General | ||
| 940 | |a Literatura | ||
| 905 | |a 101 | ||
| 901 | |a 0500409548 |b IT1 |c LIT |i D131152 |u 20250521 | ||
| 902 | |a https://opac.biblio.iteso.mx/vufind/Record/000581970 | ||